[Event "Napoli Vomero Natale op 5th"]
[Site "Napoli"]
[Date "2009.11.05"]
[Round "1"]
[White "Caiazzo, Diego"]
[Black "Khosravani, Afshin"]
[Result "0-1"]
[WhiteElo "1874"]
[BlackElo "1446"]
[PlyCount "176"]
[EventDate "2009.11.05"]
[EventType "swiss"]
[EventRounds "7"]
[EventCountry "ITA"]
[SourceTitle "EXT 2012"]
[Source "ChessBase"]
[SourceDate "2011.11.24"]
[SourceVersion "1"]
[SourceVersionDate "2011.11.24"]
[SourceQuality "1"]

1. d4 f5 2. g3 Nf6 3. Bg2 e6 4. Nh3 Be7 5. 0-0 0-0 6. Nf4 Nc6 7. c4 Rb8 8. Nc3 b6 9. d5 e5 10. dxc6 exf4 11. Bxf4 d6 12. Nd5 Nxd5 13. Qxd5+ Kh8 14. Rab1 Qe8 15. b3 Qh5 16. Qf3 Qg6 17. Qd3 Bf6 18. Bd2 Be5 19. e3 Qh5 20. Bc3 Bf6 21. Bb2 Be6 22. Qd1 Qh6 23. Bd5 Rbe8 24. Bxf6 Rxf6 25. Qf3 g5 26. Rbd1 Qh3 27. Qg2 Qh5 28. Bxe6 Rexe6 29. Rd5 Re5 30. Rxe5 dxe5 31. Qd5 Qe8 32. Qf3 Qxc6 33. Qxc6 Rxc6 34. Rc1 Rd6 35. Rc2 Kg7 36. Kg2 Kf6 37. f3 Ke6 38. e4 fxe4 39. fxe4 g4 40. Re2 Rd3 41. Kf2 Kd6 42. Ke1 Kc5 43. Kf2 Kd4 44. Ke1 c6 45. Rf2 Rf3 46. Rd2+ Kxe4 47. Rd7 Ke3 48. Rxh7 Rf2 49. h4 gxh3 50. Rxh3 Rxa2 51. g4+ Kf4 52. Rh5 Rg2 53. Rf5+ Kxg4 54. Rxe5 Rb2 55. Re3 Kf4 56. Rc3 Ke4 57. Kd1 Kd4 58. Rh3 Kc5 59. Kc1 Ra2 60. Kb1 Ra3 61. Kc2 Kb4 62. Kb2 a5 63. Kc2 a4 64. Rh6 axb3+ 65. Kb1 Kc5 66. Kb2 Kb4 67. Kb1 Kc3 68. Rh3+ Kxc4 69. Rh4+ Kb5 70. Kb2 Ra4 71. Rh5+ c5 72. Kxb3 Rb4+ 73. Kc3 Ka4 74. Rh8 c4 75. Ra8+ Kb5 76. Ra3 Kc5 77. Ra8 Rb3+ 78. Kc2 Kb4 79. Ra1 c3 80. Kd3 Rb2 81. Rc1 Rd2+ 82. Ke3 Kb3 83. Rb1+ Rb2 84. Rc1 b5 85. Kd4 Rd2+ 86. Kc5 b4 87. Rb1+ Rb2 88. Rh1 c2 0-1

[Event "Napoli Vomero Settembre op 6th"]
[Site "Napoli"]
[Date "2009.09.10"]
[Round "1"]
[White "Khosravani, Afshin"]
[Black "Gallo, Thomas Renato"]
[Result "0-1"]
[WhiteElo "1446"]
[BlackElo "1884"]
[PlyCount "118"]
[EventDate "2009.09.10"]
[EventType "swiss"]
[EventRounds "6"]
[EventCountry "ITA"]
[SourceTitle "EXT 2011"]
[Source "ChessBase"]
[SourceDate "2010.11.26"]
[SourceVersion "1"]
[SourceVersionDate "2010.11.26"]
[SourceQuality "1"]

1. f4 d5 2. Nf3 c5 3. e3 Nc6 4. Bb5 Qc7 5. Bxc6+ Qxc6 6. 0-0 Nf6 7. b3 e6 8. Bb2 Be7 9. Nc3 b6 10. Ne5 Qb7 11. Qe1 0-0 12. g4 Nd7 13. Ne2 f6 14. Nf3 Qc7 15. Qh4 Bb7 16. Qh5 Rf7 17. d3 Raf8 18. Nh4 Bd6 19. Rf3 e5 20. Rh3 f5 21. Ng6 Nf6 22. Qh4 fxg4 23. Nxf8 gxh3 24. Ne6 Qd7 25. Qxh3 exf4 26. N2xf4 Bc8 27. Qh4 Qe7 28. Ng5 Qxe3+ 29. Kh1 Qxf4 30. Qxf4 Bxf4 31. Nxf7 Kxf7 32. Kg2 Bb7 33. d4 cxd4 34. Bxd4 Ne4 35. Rf1 g5 36. h4 h6 37. hxg5 hxg5 38. Be3 d4 39. Bxf4 Nd2+ 40. Kf2 Nxf1 41. Bxg5 Nh2 42. Kg3 Nf3 43. Bf4 Ke6 44. Kf2 Kf5 45. Bg3 b5 46. Ke2 Ke4 47. Bf2 Ne5 48. Kd2 Ng4 49. Bg1 Ne5 50. Ke2 Nc6 51. Kd2 Bc8 52. c3 a6 53. cxd4 Nxd4 54. Kc3 Ne2+ 55. Kb4 Nxg1 56. a4 bxa4 57. Kxa4 Bd7+ 58. Ka5 Bb5 59. b4 Ne2 0-1